Daughter of the yellow river : an inspirational journey

Bibliographic Details
Main Author: Lu, Diana
Format: Book
Published: California : Image Global Impact , 2006
Subjects:

MARC

LEADER 00000cam a2200000 7i4500
001 0000112470
005 20080523.0
020 |a 1933726016 
090 0 0 |a 920   |b LUD 
100 1 |a Lu, Diana 
245 1 0 |a Daughter of the yellow river :   |b an inspirational journey   |c Diana Lu 
260 |a California :   |b Image Global Impact ,   |c 2006 
300 |a 465p. ;   |c 24cm. 
600 0 0 |a Lu,Diana ,   |d 1967- 
650 0 0 |a Business people   |x Biography 
650 0 0 |a Chinese   |z Americans   |z California   |x Biography 
651 0 |a China   |x History   |y 1949-1976 
651 0 |a China   |x History   |y 1976-2002 
651 0 |a China   |x Social life and customs 
999 |a 00204247   |b BUKU   |c PINJAMAN   |e PERPUSTAKAAN KOMUNITI PETALING JAYA